The noble scholar, jurist, historian


 His Excellency Dr. Abdul Wahhab bin Ibrahim Abu Sulaiman, may Allah have mercy on him.


 He was born in Umm Al-Qura in the year 1356 AH.

المنهج في استنباط أحكام النوازل / (Record no. 5624)

MARC details
000 -LEADER
fixed length control field 02094cam a2200325 i 4500
003 - CONTROL NUMBER IDENTIFIER
control field SA-RiAUC
005 - DATE AND TIME OF LATEST TRANSACTION
control field 20250205081801.0
008 - FIXED-LENGTH DATA ELEMENTS--GENERAL INFORMATION
fixed length control field 250129s2012____su a g 00000 ara c
020 ## - INTERNATIONAL STANDARD BOOK NUMBER
International Standard Book Number 9789960017648
024 0# - OTHER STANDARD IDENTIFIER
Standard number or code 00000000300324
040 ## - CATALOGING SOURCE
Original cataloging agency SA-JeALM
Language of cataloging ara
Transcribing agency SA-RiAUC
Modifying agency KAC
Description conventions rda
082 04 - DEWEY DECIMAL CLASSIFICATION NUMBER
Classification number 251.4
Assigning agency SA-RiAUC
090 ## - LOCALLY ASSIGNED LC-TYPE CALL NUMBER (OCLC); LOCAL CALL NUMBER (RLIN)
Classification number (OCLC) (R) ; Classification number, CALL (RLIN) (NR) 251.4
Local cutter number (OCLC) ; Book number/undivided call number, CALL (RLIN) ه و ي
100 1# - MAIN ENTRY--PERSONAL NAME
Personal name الهويريني، وائل بن عبد الله بن سليمان
Relator term مؤلف.
245 12 - TITLE STATEMENT
Title المنهج في استنباط أحكام النوازل /
Statement of responsibility, etc. تأليف وائل بن عبد الله بن سليمان الهويريني.
250 ## - EDITION STATEMENT
Edition statement الطبعة الثانية.
264 #1 - PRODUCTION, PUBLICATION, DISTRIBUTION, MANUFACTURE, AND COPYRIGHT NOTICE
Place of production, publication, distribution, manufacture الرياض :
Name of producer, publisher, distributor, manufacturer مكتبة الرشد ناشرون،
Date of production, publication, distribution, manufacture, or copyright notice 2012
300 ## - PHYSICAL DESCRIPTION
Extent 556 صفحة :
Other physical details جداول ؛
Dimensions 24 سم.
336 ## - CONTENT TYPE
Content type term نص
Content type code txt
Source rdacontent
Materials specified كتاب
337 ## - MEDIA TYPE
Media type term بدون وسيط
Media type code n
Source rdamedia
338 ## - CARRIER TYPE
Carrier type term مجلد
Carrier type code nc
Source rdacarrier
490 0# - SERIES STATEMENT
Series statement سلسلة الرشد للرسائل الجامعية ؛
Volume/sequential designation (215)
500 ## - GENERAL NOTE
General note ملاحظات من الشيخ رحمه الله في بداية الكتاب
504 ## - BIBLIOGRAPHY, ETC. NOTE
Bibliography, etc. note ببليوجرافية : صفحة 531-549.
505 0# - FORMATTED CONTENTS NOTE
Formatted contents note المحتويات : مقدمة-الفصل الأول : التمهيدي وفيه خمسة مباحث، المبحث الأول : تعريف النازلة، المبحث الثاني : تاريخ علم النوازل... وموضوعات أخرى-الفصل الثاني : النازلة وضوابط النظر فيها ويحتوي على خمسة ضوابط-الفصل الثالث : النظر في الفتاوى المتعلقة حول النازلة-الفصل الرابع : مسالك التعرف على حكم النوازل، وفيه ثلاثة مباحث-الخاتمة-الفهارس العامة-فهرس الآيات القرآنية-فهرس الأحاديث فهرس الآثار-فهرس الأعلام...وموضوعات أخرى.
650 #7 - SUBJECT ADDED ENTRY--TOPICAL TERM
Topical term or geographic name entry element الاستنباط (أصول فقه)
Source of heading or term aucsh
650 #7 - SUBJECT ADDED ENTRY--TOPICAL TERM
Topical term or geographic name entry element النوازل (أصول فقه)
Source of heading or term aucsh
942 ## - ADDED ENTRY ELEMENTS (KOHA)
Source of classification or shelving scheme Dewey Decimal Classification
Koha item type Books
Suppress in OPAC No
949 ## - LOCAL PROCESSING INFORMATION (OCLC)
a SA-JeALM
d 250129
u osman123
n 1
Holdings
Withdrawn status Lost status Source of classification or shelving scheme Damaged status Not for loan Home library Current library Date acquired Total checkouts Full call number Barcode Date last seen Price effective from Koha item type
    Dewey Decimal Classification     DR AbdElwahab Library DR AbdElwahab Library 02/05/2025   251.4 ه و ي 000009377 02/05/2025 02/05/2025 Books